LDR 00626naa#a2200169#i#450# 001 EN\INFRA-M\bibl\117998 005 20260413103920.1 011 ## _a2500-333X 100 ## _a20260325b2026####ek#y0engy0150####ca 102 ## _aRU 200 1# _aThe formula for sustainability in economy (Review of the international scientific and practical conference "Lazarev Readings – 2026") _eJournal article 210 1# _aMoscow _cINFRA-M Academic Publishing LLC. _d2026 215 ## _a5 с. 608 ## _aJournal article _2local 675 ## _aПраво. Юридические науки. 34 _z 700 #1 _aKOBZAR-FROLOVA _gMargarita Nikolaevna 856 4# _azh-szf.ru _u